[Event "BEL-ch U14"]
[Site "Blankenberge"]
[Date "2017.04.12"]
[Round "6"]
[White "Piceu, Jarid"]
[Black "Verbeke, Lucas"]
[Result "0-1"]
[WhiteElo "1565"]
[BlackElo "1552"]
[PlyCount "70"]
[EventDate "2017.04.09"]
[EventType "swiss"]
[EventRounds "9"]
[EventCountry "BEL"]
[SourceTitle "CBM 178 Extra"]
[Source "ChessBase"]
[SourceDate "2017.06.22"]
[SourceVersion "1"]
[SourceVersionDate "2017.06.22"]
[SourceQuality "1"]

1. d4 Nf6 2. c4 b6 3. Nc3 e6 4. Nf3 Bb7 5. e3 Be7 6. Bd3 0-0 7. 0-0 d5 8. b3 c5 9. cxd5 cxd4 10. Nxd4 Nxd5 11. Bb2 Bf6 12. Be2 Nf4 13. Bf3 Nd5 14. Rc1 Na6 15. a3 Rc8 16. Nxd5 exd5 17. b4 Nc7 18. Qb3 Qd7 19. Rfd1 Ne6 20. Ne2 Bxb2 21. Qxb2 Rxc1 22. Qxc1 Rc8 23. Qb2 Ng5 24. Bxd5 Bxd5 25. Nf4 Qc6 26. Nxd5 Kf8 27. h3 Rd8 28. Nc3 Rxd1+ 29. Nxd1 Qg6 30. Kh1 Qd3 31. Qd4 Qxd4 32. exd4 Ne6 33. d5 Nf4 34. Nc3 Ke7 35. Kh2 Kd6 0-1

[Event "BEL-ch U14"]
[Site "Blankenberge"]
[Date "2017.04.11"]
[Round "4"]
[White "Verbeke, Lucas"]
[Black "Faybish, Nathaniel"]
[Result "0-1"]
[WhiteElo "1552"]
[BlackElo "1757"]
[PlyCount "71"]
[EventDate "2017.04.09"]
[EventType "swiss"]
[EventRounds "9"]
[EventCountry "BEL"]
[SourceTitle "CBM 178 Extra"]
[Source "ChessBase"]
[SourceDate "2017.06.22"]
[SourceVersion "1"]
[SourceVersionDate "2017.06.22"]
[SourceQuality "1"]

1. e4 e5 2. d4 exd4 3. Qxd4 Nc6 4. Qe3 Nf6 5. Nc3 Be7 6. Bd2 d5 7. exd5 Nxd5 8. Nxd5 Qxd5 9. c4 Qh5 10. Bc3 0-0 11. Qg3 Qh6 12. Nf3 Nb4 13. Nd4 Re8 14. Qe3 Qxe3+ 15. fxe3 c5 16. Nb5 Bg5 17. Nc7 Rxe3+ 18. Kf2 Rb8 19. Bxb4 cxb4 20. Nd5 Re5 21. Nxb4 Be6 22. Be2 Rc5 23. b3 Rd8 24. Rhd1 Rd2 25. Rxd2 Bxd2 26. Rd1 Rf5+ 27. Kg1 Bxb4 28. Rd8+ Bf8 29. Rb8 b6 30. Bd3 Ra5 31. a4 g6 32. Kf2 Re5 33. Ra8 a5 34. Rb8 Kg7 35. Kf3 Bc5 36. Kg3 0-1

[Event "BEL-chT 1516"]
[Site "Belgium"]
[Date "2015.10.11"]
[Round "2.8"]
[White "Huesmann, Thomas"]
[Black "Verbeke, Lucas"]
[Result "1-0"]
[WhiteElo "2259"]
[BlackElo "1340"]
[PlyCount "51"]
[EventDate "2015.09.27"]
[EventType "team-tourn"]
[EventRounds "11"]
[EventCountry "BEL"]
[SourceTitle "CBM 168 Extra"]
[Source "ChessBase"]
[SourceDate "2015.10.29"]
[SourceVersion "1"]
[SourceVersionDate "2015.10.29"]
[SourceQuality "1"]
[WhiteTeam "KSK Rochade"]
[BlackTeam "KBSK Brugge"]
[WhiteTeamCountry "BEL"]
[BlackTeamCountry "BEL"]

1. e4 e5 2. Nf3 Nc6 3. Bc4 Bc5 4. 0-0 d6 5. c3 Bg4 6. h3 Bh5 7. d4 exd4 8. g4 Bg6 9. cxd4 Bb6 10. d5 Ne5 11. Nxe5 dxe5 12. Bb5+ Kf8 13. Nc3 Bd4 14. Qf3 Nf6 15. Bd3 h6 16. Be3 Qe7 17. Rac1 Qb4 18. Nb5 Bxe4 19. Bxe4 Qxb5 20. Rxc7 Qb6 21. Rfc1 g6 22. d6 Qxd6 23. Bxb7 Rd8 24. R1c6 Qb4 25. Qxf6 Rh7 26. Qxd8+ 1-0